Statistiche per Regioni d'Italia per stemma

Clicka qui per fare il quiz!

Statistiche generali

  • Questo quiz è stato fatto 27 volte
  • Il punteggio medio è 16 su 20

Statistiche sulle risposte

Answer% Corretto
Sicilia
100%
Sardegna
96%
Lombardia
96%
Veneto
96%
Calabria
88%
Campania
88%
Lazio
84%
Piemonte
84%
Trentino-Alto Adige/Südtirol
84%
Marche
76%
Liguria
76%
Valle d'Aosta
76%
Emilia-Romagna
76%
Puglia
76%
Toscana
76%
Umbria
72%
Abruzzo
72%
Basilicata
72%
Molise
72%
Friuli-Venezia Giulia
72%

Distribuzione punteggi

Percentile per numero di risposta

Percentuale di utenti per punteggio

I tuoi punteggi nel tempo

Non hai fatto questo quiz